000
00317nam a2200133Ia 4500
008
231129s1973||||xx |||||||||||||| ||spa||
040
_b
spa
082
_a
142.7 H462
100
_a
Hegel G.W.F.
245
0
_a
Fenomenologia del espiritu
260
_c
1973
264
_a
Fondo de Cultura Economica
942
_2
ddc
_c
BKS
999
_c
13913
_d
13913